| 000 | 01290 a2200373 4500 | ||
|---|---|---|---|
| 001 | 35936 | ||
| 999 |
_c35936 _d13270 |
||
| 003 | TR-AnTOB | ||
| 005 | 20200520102408.0 | ||
| 008 | 060805m19911995 b 001 0 eng | ||
| 010 | _a90009649 | ||
| 020 | _a0387943773 | ||
| 040 |
_aDLC _cDLC _dDLC |
||
| 041 | _aeng | ||
| 050 |
_aQA371 _b.H83 1995 |
||
| 090 | _aQA371 .H83 1995 | ||
| 100 |
_aHubbard, John H. _921199 |
||
| 245 | 0 |
_aDifferential equations : _ba dynamical systems approach / _cJohn H. Hubbard, Beverly H. West. |
|
| 264 | 1 |
_aNew York : _bSpringer-Verlag, _cc1991-<c1995 > |
|
| 300 |
_av. <1-2 > : _bill. ; _c25 cm. |
||
| 490 | 0 |
_aTexts in applied mathematics ; _v18 |
|
| 504 | _aIncludes bibliographical references and indexes. | ||
| 505 | _apt. 1. Ordinary differential equations -- [pt. 2] Higher-dimensional systems | ||
| 650 |
_aDifferential equations _9222 |
||
| 650 |
_aDiferansiyel denklemler, Kısmi _925863 |
||
| 650 |
_aDifferential equations, Partial _91008 |
||
| 650 |
_aDiferansiyel denklemler _9127642 |
||
| 700 |
_aWest, Beverly Henderson, _d1939- _925862 |
||
| 902 | _a0014952 | ||
| 906 |
_a7 _bcbc _corignew _d1 _eocip _f19 _gy-gencatlg |
||
| 991 |
_bc-GenColl _hQA371 _i.H77 1991 _tCopy 1 _wBOOKS |
||
| 942 | _cBK | ||